02272aab a2200445 a 4500003000900000008004100009022001400050040001800064041001300082044000700095080001100102092001000113245002700123260003600150300005100186505005800237505009300295505012100388505011300509505009600622505009900718505007800817505007900895505009600974505012101070505009201191505010401283650003801387650001901425653002301444700003001467773008301497908000801580930000901588942001301597945002001610980005101630999001701681952012801698AR-RoUNA140529||||||||||||||||| |||| 0|||| d a0210-2080 aAR-RoUNAbspa aspaaeng asp a72.036 lLL792 aOn Diseño /nNº 182 aBarcelona :bOn Diseño,c1998 a202 p. :bplanosbplantasbfot. col.c29x24 cm0 tOBRAS FINALISTAS Y SELECCIONADAS PREMIOS IBERFAD 19970 aAbalos Iñaki y Herreros Juan. Casa Gordillo. Villafranca del Castillo. (Madrid). p. 940 aVicens Ignacio y Ramos José Antonio / Facultad de Ciencias Sociales de la Universidad de Navarra. Pamplona. p. 1060 aMoreno Mansilla Luis y Tuñón Alvarez Emilio / Museo Provincial de Zamora. La Aldehuela. (Zamora). p. 1200 aFraile María y Revillo Javier / Recinto ferial de Zamora. La Aldehuela. (Zamora). p. 1340 aMartinez Santa María Luis / Biblioteca universitaria. Campus de Tafira. (Las Palmas). p. 1440 aGarcia Rubio Justo / Delegación provincial del IEM de Cáceres. p. 1540 aDa Rocha Adalberto y Concalves Dias / Departamento de Ingeniería. p. 1620 aLopez Cotelo Victor/ Edificio de oficinas para el Ministerio del Interior. (Madrid). p. 1720 aArrizabalaga Carlos y Nuria/ Edificio de relaciones internacionales e impulso empresarial. Markina, Bizkaia. p. 1800 aArjona Antonia / Viviendas unifamiliares en Villanueva de la Cañada. (Madrid). p. 1860 aMera Juan Ignacio / Edificios de viviendas y aparcamientos en Loranca. (Fuenlabrada. Madrid).p. 1964 aArquitectura contemporanea9126174 aDiseño93694 aPremios Delta 19971 aLlopis, Carmeedrt912618 aOn DiseñodBarcelona, AramEdiciones S.A.g Nº 182 (1997 ). p.202x0210-2080 aImp e6171 2udccART aMBPd2019-02-19 66aMirna Bonanno Potro86gMirna Bonanno Potro c12094d12094 00102udc4070aAR-RoUNAbAR-RoUNAcHemed2025-09-04eDonl0o72.036p1002770r2025-09-04tej. 1w2025-09-04yARTkk 400x